Vista normal
Vista MARC
Entrada Personal Name
Número de registros utilizados en: 1
001 - CONTROL NUMBER
- control field: 13428
003 - CONTROL NUMBER IDENTIFIER
- control field: DLC
005 - DATE AND TIME OF LATEST TRANSACTION
- control field: 20221017160418.0
008 - FIXED-LENGTH DATA ELEMENTS
- fixed length control field: 931127n| azannaabn |n aaa
010 ## - LIBRARY OF CONGRESS CONTROL NUMBER
- LC control number: n 93115472
035 ## - SYSTEM CONTROL NUMBER
- System control number: (OCoLC)oca03506225
040 ## - CATALOGING SOURCE
- Original cataloging agency: DLC
- Language of cataloging: spa
- Description conventions: rda
- Transcribing agency: Mx-PuUPA
- Modifying agency: DLC
- Modifying agency: UPB
- Modifying agency: WU
- Modifying agency: Mx-PuUPA
046 ## - SPECIAL CODED DATES
- Birth date: 1955
053 #0 - LC CLASSIFICATION NUMBER
- Classification number element--single number or beginning number of span: PQ7798.13.A3864
100 1# - HEADING--PERSONAL NAME
- Personal name: Califa, Oche,
- Dates associated with a name: 1955-
370 ## - ASSOCIATED PLACE
- Place of birth: Chivilcoy, Argentina
374 ## - OCCUPATION
- Occupation: Poeta, Argentino
- Occupation: Autor
- Occupation: Periodista
- Source of term: lcsh
375 ## - GENDER
- Gender: hombre
377 ## - ASSOCIATED LANGUAGE
- Language code: spa
670 ## - SOURCE DATA FOUND
- Source citation: Valseado del piojo enamorado, 1988:
- Information found: t.p. (Oche Califa) colophon (b. in Chivilcoy, provincia de Buenos Aires; now lives in Buenos Aires)
670 ## - SOURCE DATA FOUND
- Source citation: Tres mujeres, 1985:
- Information found: t.p. (Oche Califa) p. 4 of cover (29 years old; poet and journalist)